[Event "European School Championships"]
[Site "Rhodes, Greece"]
[Date "2022.04.22"]
[Round "2.2"]
[White "Ochedzan, Tymon"]
[Black "Bicer, Atakan Mert"]
[Result "1/2-1/2"]
[WhiteElo "2261"]
[BlackElo "2356"]
[PlyCount "127"]
[EventDate "2022.04.21"]
[EventRounds "9"]

1. e4 {[%emt 0:00:02]} c5 {[%emt 0:00:27]} 2. Nf3 {[%emt 0:00:07]} e6 {[%emt 0:
00:06]} 3. d4 {[%emt 0:00:08]} cxd4 {[%emt 0:00:05]} 4. Nxd4 {[%emt 0:00:04]}
Nc6 {[%emt 0:00:08]} 5. Nc3 {[%emt 0:00:20]} Qc7 {[%emt 0:00:09]} 6. Be2 {
[%emt 0:00:46]} Nf6 {[%emt 0:00:18]} 7. O-O {[%emt 0:00:55]} Be7 {[%emt 0:00:
05]} 8. Be3 {[%emt 0:01:19]} O-O {[%emt 0:01:48]} 9. f4 {[%emt 0:02:49]} d6 {
[%emt 0:00:19]} 10. Qe1 {[%emt 0:04:33]} a6 {[%emt 0:02:31]} 11. Qg3 {[%emt 0:
00:41]} Nxd4 12. Bxd4 {[%emt 0:01:30]} b5 {[%emt 0:00:12]} 13. a3 Bb7 14. Kh1 {
[%emt 0:08:33]} Rfd8 {[%emt 0:05:44]} 15. Rae1 {[%emt 0:05:32]} Rac8 {[%emt 0:
05:51]} 16. Bd3 {[%emt 0:02:02]} Nh5 {[%emt 0:10:22]} 17. Qh3 {[%emt 0:12:51]}
g6 {[%emt 0:02:40]} 18. f5 {[%emt 0:05:41]} e5 {[%emt 0:08:00]} 19. Be3 {
[%emt 0:02:23]} Bf6 {[%emt 0:16:12]} 20. fxg6 {[%emt 0:14:44]} hxg6 {[%emt 0:
02:06]} 21. Be2 {[%emt 0:01:51]} Nf4 {[%emt 0:00:46]} 22. Bxf4 {[%emt 0:02:32]}
exf4 {[%emt 0:00:47]} 23. Bg4 {[%emt 0:02:06]} Be5 {[%emt 0:10:08]} 24. Bxc8 {
[%emt 0:01:25]} Rxc8 {[%emt 0:02:46]} 25. Qd3 {[%emt 0:05:37]} Qc4 {[%emt 0:05:
10]} 26. Rf3 {[%emt 0:02:24]} g5 {[%emt 0:00:41]} 27. Rh3 {[%emt 0:05:40]} Qxd3
{[%emt 0:05:19]} 28. Rxd3 {[%emt 0:00:48]} Rc5 {[%emt 0:01:59]} 29. Re2 {
[%emt 0:08:37]} a5 {[%emt 0:04:24]} 30. Nd1 {[%emt 0:01:26]} Kf8 {[%emt 0:03:
40]} 31. c3 {[%emt 0:02:31]} Ke7 {[%emt 0:01:16]} 32. Nf2 {[%emt 0:00:30]} Rc4
{[%emt 0:01:18]} 33. Kg1 {[%emt 0:02:32]} Ke6 {[%emt 0:00:36]} 34. Rd1 {
[%emt 0:01:53]} b4 {[%emt 0:00:28]} 35. axb4 {[%emt 0:04:11]} axb4 {[%emt 0:00:
05]} 36. cxb4 {[%emt 0:00:04]} Bd4 {[%emt 0:01:32]} 37. Red2 {[%emt 0:03:12]}
Be5 {[%emt 0:00:24]} 38. Nd3 {[%emt 0:02:27]} Bd4+ {[%emt 0:00:24]} 39. Nf2 {
[%emt 0:02:12]} Be5 {[%emt 0:00:15]} 40. Kh1 {[%emt 0:01:04]} Bxe4 {[%emt 0:01:
04]} 41. b3 {[%emt 0:06:15]} Rxb4 {[%emt 0:00:33]} 42. Nxe4 {[%emt 0:00:11]}
Rxe4 {[%emt 0:00:06]} 43. Kg1 {[%emt 0:00:39]} g4 {[%emt 0:07:16]} 44. Kf2 {
[%emt 0:01:32]} Rb4 {[%emt 0:03:00]} 45. Rd3 {[%emt 0:00:28]} Rb8 {[%emt 0:05:
04]} 46. Rc1 {[%emt 0:03:11]} Ra8 {[%emt 0:01:32]} 47. Rb1 {[%emt 0:07:26]}
Ra2+ {[%emt 0:06:00]} 48. Kg1 {[%emt 0:00:53]} Kf5 {[%emt 0:01:15]} 49. b4 {
[%emt 0:01:23]} Ke4 {[%emt 0:00:05]} 50. Rdb3 {[%emt 0:01:18]} f3 {[%emt 0:03:
30]} 51. g3 {[%emt 0:01:58]} Bd4+ {[%emt 0:01:54]} 52. Kh1 {[%emt 0:00:28]} Bb6
{[%emt 0:01:38]} 53. b5 {[%emt 0:01:18]} d5 {[%emt 0:00:20]} 54. Rc3 {[%emt 0:
01:12]} f2 {[%emt 0:01:11]} 55. Rc6 {[%emt 0:08:05]} Bd4 {[%emt 0:00:46]} 56.
Kg2 {[%emt 0:01:04]} f1=Q+ {[%emt 0:01:36]} 57. Kxf1 {[%emt 0:00:04]} Rxh2 {
[%emt 0:00:32]} 58. Rb3 {[%emt 0:00:30]} Rh1+ {[%emt 0:01:42]} 59. Kg2 {
[%emt 0:01:13]} Rg1+ {[%emt 0:00:07]} 60. Kh2 {[%emt 0:00:03]} Rf1 {[%emt 0:00:
26]} 61. b6 {[%emt 0:01:52]} Rf2+ {[%emt 0:00:06]} 62. Kh1 {[%emt 0:00:06]}
Rf1+ {[%emt 0:00:05]} 63. Kg2 {[%emt 0:00:10]} Rf2+ {[%emt 0:00:05]} 64. Kh1 {
[%emt 0:00:03]} 1/2-1/2

[Event "European School Championships"]
[Site "Rhodes, Greece"]
[Date "2022.04.23"]
[Round "3.1"]
[White "Can, Isik"]
[Black "Jusufi, Ahmet"]
[Result "1-0"]
[WhiteElo "2423"]
[BlackElo "1679"]
[PlyCount "57"]
[EventDate "2022.04.21"]
[EventRounds "9"]

1. e4 {[%emt 0:00:09]} d5 {[%emt 0:00:11]} 2. exd5 {[%emt 0:00:05]} Qxd5 {
[%emt 0:00:08]} 3. Nc3 {[%emt 0:00:04]} Qd8 {[%emt 0:00:10]} 4. d4 {[%emt 0:00:
06]} e6 {[%emt 0:00:14]} 5. Nf3 {[%emt 0:00:13]} Nf6 {[%emt 0:00:23]} 6. Bg5 {
[%emt 0:01:36]} Be7 {[%emt 0:02:25]} 7. Bd3 {[%emt 0:00:08]} Nc6 {[%emt 0:00:
54]} 8. Qd2 {[%emt 0:00:20]} O-O {[%emt 0:01:30]} 9. O-O-O {[%emt 0:04:00]} Nb4
10. Ne5 {[%emt 0:01:17]} Nxd3+ {[%emt 0:01:24]} 11. Qxd3 {[%emt 0:00:03]} c6 {
[%emt 0:02:36]} 12. h4 {[%emt 0:00:20]} Nd5 {[%emt 0:04:08]} 13. Bxe7 {[%emt 0:
00:50]} Qxe7 {[%emt 0:00:16]} 14. Ne4 {[%emt 0:00:08]} f6 {[%emt 0:05:06]} 15.
Nf3 {[%emt 0:00:25]} a5 {[%emt 0:03:22]} 16. Kb1 {[%emt 0:01:50]} a4 {[%emt 0:
04:22]} 17. h5 {[%emt 0:00:41]} b5 {[%emt 0:04:43]} 18. h6 {[%emt 0:04:01]} g6
{[%emt 0:00:08]} 19. Ka1 {[%emt 0:01:44]} b4 {[%emt 0:04:56]} 20. Nc5 {[%emt 0:
01:03]} e5 {[%emt 0:03:13]} 21. Rde1 {[%emt 0:01:06]} Bf5 {[%emt 0:00:31]} 22.
Qc4 {[%emt 0:00:29]} e4 {[%emt 0:03:51]} 23. Nd2 {[%emt 0:00:58]} Rfe8 {
[%emt 0:11:25]} 24. g4 {[%emt 0:00:26]} Bxg4 {[%emt 0:02:55]} 25. Rxe4 {
[%emt 0:00:24]} Qd6 {[%emt 0:07:07]} 26. Rxg4 {[%emt 0:01:40]} f5 {[%emt 0:00:
48]} 27. Rgg1 {[%emt 0:02:06]} Qf4 {[%emt 0:01:39]} 28. Nb1 {[%emt 0:00:44]}
Kh8 {[%emt 0:01:11]} 29. Nd3 {[%emt 0:00:07]} 1-0

[Event "European School Championships"]
[Site "Rhodes, Greece"]
[Date "2022.04.23"]
[Round "3.2"]
[White "Bicer, Atakan Mert"]
[Black "Kostov, Deyan Samuil"]
[Result "1-0"]
[WhiteElo "2356"]
[BlackElo "2186"]
[PlyCount "97"]
[EventDate "2022.04.21"]
[EventRounds "9"]

1. e4 {[%emt 0:00:27]} c5 {[%emt 0:00:20]} 2. Nf3 {[%emt 0:00:23]} e6 {[%emt 0:
00:25]} 3. g3 {[%emt 0:01:05]} Nc6 {[%emt 0:02:02]} 4. Bg2 {[%emt 0:00:16]} a6
{[%emt 0:01:32]} 5. O-O {[%emt 0:00:30]} g6 {[%emt 0:01:30]} 6. d4 {[%emt 0:06:
13]} cxd4 {[%emt 0:01:31]} 7. Nxd4 {[%emt 0:00:09]} Bg7 {[%emt 0:01:53]} 8. Nb3
{[%emt 0:00:42]} Nge7 {[%emt 0:01:34]} 9. c4 {[%emt 0:02:02]} d6 {[%emt 0:03:
25]} 10. Nc3 {[%emt 0:04:05]} O-O {[%emt 0:02:55]} 11. Be3 {[%emt 0:05:48]} b6
{[%emt 0:09:18]} 12. Qe2 {[%emt 0:04:24]} Qc7 {[%emt 0:09:20]} 13. Rac1 {
[%emt 0:00:31]} Ne5 {[%emt 0:02:41]} 14. f4 {[%emt 0:25:13]} Nd7 {[%emt 0:12:
43]} 15. e5 {[%emt 0:10:46]} Rb8 {[%emt 0:00:55]} 16. exd6 {[%emt 0:00:33]}
Qxd6 {[%emt 0:00:09]} 17. Rfd1 {[%emt 0:06:36]} Qc7 {[%emt 0:00:13]} 18. c5 {
[%emt 0:00:57]} Nxc5 {[%emt 0:10:34]} 19. Na4 {[%emt 0:05:02]} Nd5 {[%emt 0:05:
10]} 20. Bxd5 {[%emt 0:03:41]} exd5 {[%emt 0:00:34]} 21. Nxb6 {[%emt 0:01:17]}
Qxb6 {[%emt 0:06:48]} 22. Bxc5 {[%emt 0:00:11]} Qe6 {[%emt 0:00:04]} 23. Qxe6 {
[%emt 0:01:09]} Bxe6 {[%emt 0:00:11]} 24. Bxf8 {[%emt 0:00:21]} Kxf8 {[%emt 0:
00:25]} 25. Rd2 {[%emt 0:01:14]} a5 {[%emt 0:03:54]} 26. Nxa5 {[%emt 0:01:22]}
Bxb2 {[%emt 0:00:17]} 27. Rcc2 {[%emt 0:00:31]} Bg7 {[%emt 0:04:23]} 28. Nc6 {
[%emt 0:02:37]} Rb1+ {[%emt 0:03:07]} 29. Kf2 {[%emt 0:00:08]} Bf6 {[%emt 0:00:
56]} 30. Nd4 {[%emt 0:00:30]} Bg4 {[%emt 0:03:45]} 31. Nb3 {[%emt 0:02:44]} Bf5
{[%emt 0:01:45]} 32. Rc6 {[%emt 0:00:27]} Kg7 {[%emt 0:03:07]} 33. Rc1 {
[%emt 0:00:48]} Rxc1 {[%emt 0:01:34]} 34. Nxc1 {[%emt 0:00:06]} Be4 35. Ne2 {
[%emt 0:00:31]} Kf8 {[%emt 0:00:56]} 36. Ke3 {[%emt 0:01:06]} Ke7 {[%emt 0:00:
49]} 37. a4 {[%emt 0:00:53]} Kd6 {[%emt 0:00:13]} 38. a5 {[%emt 0:00:17]} Kc5 {
[%emt 0:02:32]} 39. a6 {[%emt 0:00:36]} Kb6 {[%emt 0:00:41]} 40. Ra2 {[%emt 0:
00:09]} Ka7 {[%emt 0:00:45]} 41. Nd4 {[%emt 0:00:13]} Bh1 {[%emt 0:01:28]} 42.
Rc2 {[%emt 0:01:09]} Bxd4+ {[%emt 0:01:33]} 43. Kxd4 {[%emt 0:00:10]} Kxa6 {
[%emt 0:00:16]} 44. Rc7 {[%emt 0:00:07]} Kb6 {[%emt 0:00:58]} 45. Rxf7 {
[%emt 0:00:09]} Kc6 {[%emt 0:00:02]} 46. Rxh7 {[%emt 0:00:10]} Kd6 {[%emt 0:00:
05]} 47. g4 {[%emt 0:00:18]} Be4 {[%emt 0:00:10]} 48. Ra7 {[%emt 0:00:22]} Ke6
{[%emt 0:00:18]} 49. Ra6+ {[%emt 0:00:06]} 1-0

[Event "European School Championships"]
[Site "Rhodes, Greece"]
[Date "2022.04.24"]
[Round "4.1"]
[White "Ochedzan, Tymon"]
[Black "Rammos, Ilias"]
[Result "1-0"]
[WhiteElo "2261"]
[BlackElo "1110"]
[PlyCount "77"]
[EventDate "2022.04.21"]
[EventRounds "9"]

1. e4 {[%emt 0:00:03]} e5 {[%emt 0:00:12]} 2. Nf3 {[%emt 0:00:13]} Nc6 {
[%emt 0:00:28]} 3. Bb5 {[%emt 0:00:08]} a6 {[%emt 0:00:14]} 4. Ba4 {[%emt 0:00:
06]} b5 {[%emt 0:00:41]} 5. Bb3 {[%emt 0:00:11]} Nf6 {[%emt 0:00:19]} 6. O-O {
[%emt 0:06:36]} Bc5 {[%emt 0:06:52]} 7. c3 {[%emt 0:01:40]} Bb6 {[%emt 0:01:44]
} 8. d4 {[%emt 0:01:23]} d6 {[%emt 0:00:24]} 9. h3 {[%emt 0:05:52]} O-O {
[%emt 0:01:28]} 10. Be3 {[%emt 0:02:10]} Na5 {[%emt 0:10:29]} 11. dxe5 {
[%emt 0:12:32]} Bxe3 {[%emt 0:05:11]} 12. exf6 {[%emt 0:01:24]} Bh6 {[%emt 0:
01:24]} 13. fxg7 {[%emt 0:00:50]} Re8 {[%emt 0:01:35]} 14. Bc2 {[%emt 0:06:00]}
Bxg7 {[%emt 0:02:17]} 15. Nbd2 {[%emt 0:02:11]} Kh8 {[%emt 0:06:16]} 16. Re1 {
[%emt 0:04:48]} Qf6 {[%emt 0:08:01]} 17. Nh2 {[%emt 0:03:32]} Bh6 {[%emt 0:06:
29]} 18. Ndf1 {[%emt 0:08:59]} Rg8 {[%emt 0:06:05]} 19. Ng3 {[%emt 0:02:34]}
Nc4 {[%emt 0:04:11]} 20. Rb1 {[%emt 0:03:15]} Ne3 {[%emt 0:05:42]} 21. Qd3 {
[%emt 0:03:01]} Nxc2 {[%emt 0:05:05]} 22. Qxc2 {[%emt 0:00:11]} Be6 {[%emt 0:
00:52]} 23. Rbd1 {[%emt 0:02:03]} Bf4 {[%emt 0:02:47]} 24. Rd3 {[%emt 0:02:41]}
Bxg3 {[%emt 0:03:04]} 25. fxg3 {[%emt 0:03:39]} Qe5 {[%emt 0:01:45]} 26. g4 {
[%emt 0:01:05]} Bc4 {[%emt 0:02:51]} 27. Rf3 {[%emt 0:01:44]} Rae8 {[%emt 0:01:
35]} 28. b3 {[%emt 0:02:13]} Bd5 {[%emt 0:00:22]} 29. Rfe3 {[%emt 0:01:23]} Bb7
{[%emt 0:00:26]} 30. Qf2 {[%emt 0:01:34]} Qg7 {[%emt 0:02:06]} 31. Nf1 {
[%emt 0:02:14]} Re6 {[%emt 0:02:27]} 32. Ng3 {[%emt 0:00:51]} Rge8 {[%emt 0:00:
28]} 33. Nh5 {[%emt 0:03:41]} Qf8 {[%emt 0:03:54]} 34. e5 {[%emt 0:03:52]} dxe5
{[%emt 0:03:04]} 35. Rxe5 {[%emt 0:00:22]} Qd6 {[%emt 0:00:03]} 36. Rxe6 {
[%emt 0:02:32]} Rxe6 {[%emt 0:00:22]} 37. Rxe6 {[%emt 0:00:08]} Qxe6 {[%emt 0:
00:06]} 38. Qd4+ {[%emt 0:00:13]} f6 {[%emt 0:00:30]} 39. Qd8+ {[%emt 0:00:08]}
1-0

[Event "European School Championships"]
[Site "Rhodes, Greece"]
[Date "2022.04.24"]
[Round "4.2"]
[White "Kostov, Deyan Samuil"]
[Black "Diakidis Kostas, Michail Georgi"]
[Result "1-0"]
[WhiteElo "2186"]
[BlackElo "1384"]
[PlyCount "43"]
[EventDate "2022.04.21"]
[EventRounds "9"]

1. d4 {[%emt 0:00:18]} Nf6 {[%emt 0:00:21]} 2. c4 {[%emt 0:00:07]} e6 {[%emt 0:
00:15]} 3. Nc3 {[%emt 0:00:08]} Bb4 {[%emt 0:00:20]} 4. e3 {[%emt 0:00:21]} d5
{[%emt 0:04:06]} 5. cxd5 {[%emt 0:02:06]} exd5 {[%emt 0:02:43]} 6. Bd3 {
[%emt 0:00:39]} O-O {[%emt 0:00:14]} 7. Nge2 {[%emt 0:01:16]} Nbd7 {[%emt 0:03:
13]} 8. O-O {[%emt 0:01:57]} Re8 {[%emt 0:04:13]} 9. f3 {[%emt 0:07:25]} c5 {
[%emt 0:09:55]} 10. a3 {[%emt 0:05:14]} Bxc3 {[%emt 0:14:37]} 11. bxc3 {
[%emt 0:01:08]} b6 {[%emt 0:01:49]} 12. Ng3 {[%emt 0:03:28]} a5 {[%emt 0:06:18]
} 13. e4 {[%emt 0:05:59]} dxe4 {[%emt 0:05:54]} 14. fxe4 {[%emt 0:01:42]} cxd4
{[%emt 0:10:25]} 15. cxd4 {[%emt 0:00:41]} Ba6 {[%emt 0:04:29]} 16. Bxa6 {
[%emt 0:02:04]} Rxa6 {[%emt 0:00:05]} 17. e5 {[%emt 0:00:27]} Nd5 {[%emt 0:00:
47]} 18. Qf3 {[%emt 0:00:08]} Ne7 {[%emt 0:03:34]} 19. Qxf7+ Kh8 {[%emt 0:00:
19]} 20. Bg5 {[%emt 0:00:33]} Ra8 {[%emt 0:00:48]} 21. Nf5 {[%emt 0:00:11]} Rf8
{[%emt 0:04:22]} 22. Qxg7# {[%emt 0:00:08]} 1-0

[Event "European School Championships"]
[Site "Rhodes, Greece"]
[Date "2022.04.25"]
[Round "5.1"]
[White "Bicer, Atakan Mert"]
[Black "Pelling, Kyle"]
[Result "1-0"]
[WhiteElo "2356"]
[BlackElo "1750"]
[PlyCount "79"]
[EventDate "2022.04.21"]
[EventRounds "9"]

1. c4 {[%emt 0:00:46]} Nf6 {[%emt 0:01:14]} 2. g3 {[%emt 0:00:15]} e6 {[%emt 0:
01:06]} 3. Bg2 {[%emt 0:00:10]} d5 {[%emt 0:01:05]} 4. Nf3 {[%emt 0:00:10]} Be7
{[%emt 0:02:32]} 5. O-O {[%emt 0:02:18]} O-O {[%emt 0:01:54]} 6. d4 {[%emt 0:
01:46]} c5 {[%emt 0:03:28]} 7. cxd5 {[%emt 0:02:12]} exd5 {[%emt 0:09:42]} 8.
Nc3 {[%emt 0:05:02]} b6 {[%emt 0:05:11]} 9. Bg5 {[%emt 0:03:18]} Bb7 {[%emt 0:
04:12]} 10. dxc5 {[%emt 0:06:22]} bxc5 {[%emt 0:04:42]} 11. Ne5 {[%emt 0:24:28]
} h6 {[%emt 0:07:42]} 12. Bxf6 {[%emt 0:01:43]} Bxf6 {[%emt 0:01:07]} 13. Nd3 {
[%emt 0:00:33]} Na6 {[%emt 0:10:20]} 14. Nf4 {[%emt 0:11:22]} Rb8 {[%emt 0:10:
44]} 15. Qa4 {[%emt 0:02:51]} Qc8 {[%emt 0:10:40]} 16. Ncxd5 {[%emt 0:02:57]}
Bxd5 {[%emt 0:02:12]} 17. Nxd5 {[%emt 0:00:09]} Rxb2 {[%emt 0:02:01]} 18. Nxf6+
{[%emt 0:00:07]} gxf6 {[%emt 0:00:04]} 19. Rab1 {[%emt 0:00:41]} Rb6 {[%emt 0:
05:04]} 20. Qf4 {[%emt 0:01:52]} Kg7 {[%emt 0:01:42]} 21. Be4 {[%emt 0:05:06]}
Qe6 {[%emt 0:04:17]} 22. Rxb6 {[%emt 0:04:32]} axb6 {[%emt 0:01:57]} 23. Rd1
Re8 {[%emt 0:01:22]} 24. f3 {[%emt 0:01:51]} Qe5 {[%emt 0:02:21]} 25. Qg4+ {
[%emt 0:01:23]} Qg5 {[%emt 0:00:13]} 26. Qd7 {[%emt 0:00:12]} Qe3+ {[%emt 0:03:
54]} 27. Kf1 {[%emt 0:00:10]} Re6 {[%emt 0:00:50]} 28. Qd5 {[%emt 0:04:03]} Re5
{[%emt 0:01:23]} 29. Qb7 {[%emt 0:01:22]} f5 {[%emt 0:01:07]} 30. Rd7 {[%emt 0:
00:51]} Qc1+ {[%emt 0:01:39]} 31. Kf2 {[%emt 0:00:25]} Qc4 {[%emt 0:00:10]} 32.
Bd3 {[%emt 0:00:15]} Qe6 {[%emt 0:01:42]} 33. Bxa6 {[%emt 0:00:58]} c4 {
[%emt 0:00:08]} 34. Rd2 {[%emt 0:00:41]} f4 {[%emt 0:00:52]} 35. Qc8 {[%emt 0:
01:23]} fxg3+ {[%emt 0:00:27]} 36. hxg3 {[%emt 0:00:14]} Qg6 {[%emt 0:00:43]}
37. Qxc4 {[%emt 0:01:32]} Rh5 {[%emt 0:00:35]} 38. Qg4 {[%emt 0:00:07]} Rg5 {
[%emt 0:00:12]} 39. Qd4+ {[%emt 0:00:03]} Kg8 {[%emt 0:00:42]} 40. Qc3 {
[%emt 0:00:39]} 1-0

[Event "European School Championships"]
[Site "Rhodes, Greece"]
[Date "2022.04.25"]
[Round "5.2"]
[White "Diakidis Kostas, Michail Georgi"]
[Black "Jusufi, Ahmet"]
[Result "1/2-1/2"]
[WhiteElo "1384"]
[BlackElo "1679"]
[PlyCount "91"]
[EventDate "2022.04.21"]
[EventRounds "9"]

1. e4 {[%emt 0:00:29]} d5 {[%emt 0:00:08]} 2. exd5 {[%emt 0:00:18]} Qxd5 {
[%emt 0:00:05]} 3. Nc3 {[%emt 0:00:28]} Qd8 {[%emt 0:00:06]} 4. d4 {[%emt 0:00:
30]} e6 {[%emt 0:00:36]} 5. Nf3 {[%emt 0:01:20]} Nf6 {[%emt 0:01:33]} 6. Bd3 {
[%emt 0:00:24]} Be7 {[%emt 0:01:37]} 7. O-O {[%emt 0:00:45]} O-O {[%emt 0:00:
04]} 8. a3 {[%emt 0:02:03]} b6 {[%emt 0:03:26]} 9. Bf4 {[%emt 0:11:50]} Bb7 {
[%emt 0:00:32]} 10. Qe2 {[%emt 0:10:29]} Nbd7 {[%emt 0:10:54]} 11. Rad1 {
[%emt 0:11:21]} Nh5 {[%emt 0:12:58]} 12. Bc1 {[%emt 0:13:34]} g6 {[%emt 0:02:
48]} 13. Rfe1 {[%emt 0:02:22]} Re8 {[%emt 0:05:50]} 14. Ne5 {[%emt 0:09:26]}
Bg5 {[%emt 0:21:12]} 15. Bxg5 {[%emt 0:31:53]} Qxg5 {[%emt 0:00:08]} 16. Be4 {
[%emt 0:03:53]} Nxe5 {[%emt 0:09:46]} 17. dxe5 {[%emt 0:00:23]} Bxe4 {[%emt 0:
04:55]} 18. Qxe4 {[%emt 0:00:07]} Qe7 {[%emt 0:07:01]} 19. Rd3 {[%emt 0:00:57]}
Rad8 {[%emt 0:02:08]} 20. Red1 {[%emt 0:00:26]} Rxd3 {[%emt 0:01:09]} 21. Qxd3
{[%emt 0:00:33]} Nf4 {[%emt 0:02:24]} 22. Qd7 {[%emt 0:00:31]} Kf8 {[%emt 0:02:
51]} 23. Qxe7+ {[%emt 0:00:47]} Rxe7 {[%emt 0:00:32]} 24. g3 {[%emt 0:00:12]}
Nh5 {[%emt 0:01:54]} 25. f4 {[%emt 0:00:49]} Ng7 {[%emt 0:00:05]} 26. Rd8+ {
[%emt 0:00:16]} Re8 {[%emt 0:00:56]} 27. Rd7 {[%emt 0:00:03]} Re7 {[%emt 0:00:
08]} 28. Rd8+ {[%emt 0:00:05]} Re8 {[%emt 0:00:25]} 29. Rxe8+ {[%emt 0:00:25]}
Nxe8 {[%emt 0:00:12]} 30. Kf2 {[%emt 0:00:38]} Ke7 {[%emt 0:01:07]} 31. Ke3 c5
{[%emt 0:00:40]} 32. Ne4 {[%emt 0:00:05]} h6 {[%emt 0:01:45]} 33. h3 {[%emt 0:
00:14]} Kd7 {[%emt 0:00:48]} 34. Nf6+ {[%emt 0:01:16]} Nxf6 {[%emt 0:00:58]}
35. exf6 {[%emt 0:00:04]} Kd6 {[%emt 0:00:39]} 36. Ke4 {[%emt 0:00:09]} a6 {
[%emt 0:01:19]} 37. b3 {[%emt 0:00:42]} b5 {[%emt 0:00:33]} 38. c4 {[%emt 0:00:
49]} bxc4 {[%emt 0:01:19]} 39. bxc4 {[%emt 0:00:06]} a5 {[%emt 0:00:15]} 40. a4
{[%emt 0:01:36]} h5 {[%emt 0:00:34]} 41. g4 {[%emt 0:09:47]} hxg4 {[%emt 0:02:
39]} 42. hxg4 {[%emt 0:00:21]} Kc6 {[%emt 0:04:07]} 43. Ke5 {[%emt 0:14:18]}
Kd7 {[%emt 0:00:09]} 44. g5 {[%emt 0:02:37]} Kc6 {[%emt 0:00:06]} 45. Ke4 {
[%emt 0:00:10]} Kd6 {[%emt 0:00:25]} 46. Kd3 {[%emt 0:01:05]} 1/2-1/2

[Event "European School Championships"]
[Site "Rhodes, Greece"]
[Date "2022.04.26"]
[Round "6.1"]
[White "Kostov, Deyan Samuil"]
[Black "Kavri, Yusuf Eren"]
[Result "1-0"]
[WhiteElo "2186"]
[BlackElo "1886"]
[PlyCount "79"]
[EventDate "2022.04.21"]
[EventRounds "9"]

1. d4 {[%emt 0:00:07]} Nf6 {[%emt 0:01:10]} 2. c4 {[%emt 0:00:15]} e6 {[%emt 0:
00:10]} 3. Nc3 {[%emt 0:00:07]} Bb4 {[%emt 0:00:08]} 4. e3 {[%emt 0:00:13]} O-O
{[%emt 0:00:09]} 5. Bd3 {[%emt 0:00:13]} c5 {[%emt 0:00:33]} 6. Nge2 {[%emt 0:
00:35]} cxd4 {[%emt 0:00:11]} 7. exd4 {[%emt 0:00:55]} d5 {[%emt 0:00:07]} 8.
cxd5 {[%emt 0:01:17]} Nxd5 {[%emt 0:00:27]} 9. O-O {[%emt 0:00:51]} Nc6 {
[%emt 0:01:50]} 10. Nxd5 {[%emt 0:02:58]} Qxd5 {[%emt 0:13:39]} 11. Be3 {
[%emt 0:03:21]} Ne7 {[%emt 0:12:46]} 12. a3 {[%emt 0:17:26]} Ba5 {[%emt 0:06:
03]} 13. Qc2 {[%emt 0:08:11]} h6 {[%emt 0:03:46]} 14. Nc3 {[%emt 0:06:58]} Bxc3
{[%emt 0:05:18]} 15. bxc3 {[%emt 0:00:17]} Qd6 {[%emt 0:04:16]} 16. Be4 {
[%emt 0:05:28]} Rb8 {[%emt 0:11:50]} 17. c4 {[%emt 0:08:29]} Bd7 {[%emt 0:09:
04]} 18. Rfd1 {[%emt 0:07:09]} Qa6 {[%emt 0:02:07]} 19. a4 {[%emt 0:04:26]}
Rbc8 {[%emt 0:02:09]} 20. Bd3 {[%emt 0:02:36]} Qa5 {[%emt 0:02:59]} 21. Bd2 {
[%emt 0:01:30]} Qc7 {[%emt 0:01:49]} 22. Qb2 {[%emt 0:03:27]} Rfd8 {[%emt 0:02:
30]} 23. a5 {[%emt 0:01:52]} Bc6 {[%emt 0:01:58]} 24. Bb4 {[%emt 0:01:41]} Re8
{[%emt 0:03:58]} 25. Bc5 {[%emt 0:01:19]} a6 {[%emt 0:00:42]} 26. Qb4 {[%emt 0:
02:30]} Nf5 {[%emt 0:04:45]} 27. Bxf5 {[%emt 0:03:26]} exf5 28. Bd6 {[%emt 0:
00:21]} Qd8 {[%emt 0:00:21]} 29. d5 {[%emt 0:00:16]} Bd7 {[%emt 0:00:20]} 30.
Re1 {[%emt 0:02:45]} Qf6 {[%emt 0:01:32]} 31. Be7 {[%emt 0:01:40]} Qd4 {
[%emt 0:01:45]} 32. Qd6 {[%emt 0:02:27]} Rxc4 {[%emt 0:07:39]} 33. Qxd7 {
[%emt 0:00:06]} Rec8 34. h3 {[%emt 0:01:14]} R8c7 {[%emt 0:01:59]} 35. Qe8+ Kh7
36. Qxf7 {[%emt 0:00:20]} Qf4 {[%emt 0:00:15]} 37. g3 {[%emt 0:03:01]} Qf3 {
[%emt 0:00:23]} 38. Ra3 {[%emt 0:00:24]} Rc3 {[%emt 0:01:26]} 39. Rxc3 {
[%emt 0:00:04]} Rxc3 {[%emt 0:00:10]} 40. Bf6 {[%emt 0:00:08]} 1-0

[Event "European School Championships"]
[Site "Rhodes, Greece"]
[Date "2022.04.26"]
[Round "6.2"]
[White "Jusufi, Ahmet"]
[Black "Rammos, Ilias"]
[Result "1-0"]
[WhiteElo "1679"]
[BlackElo "1110"]
[PlyCount "45"]
[EventDate "2022.04.21"]
[EventRounds "9"]

1. e4 c5 {[%emt 0:01:16]} 2. Nf3 {[%emt 0:00:05]} g6 {[%emt 0:00:11]} 3. d4 {
[%emt 0:00:58]} cxd4 {[%emt 0:00:11]} 4. Qxd4 {[%emt 0:01:14]} Nf6 {[%emt 0:03:
17]} 5. Bc4 {[%emt 0:07:42]} Nc6 {[%emt 0:05:03]} 6. Qd3 {[%emt 0:05:56]} Bg7 {
[%emt 0:01:33]} 7. a3 {[%emt 0:02:33]} O-O {[%emt 0:02:05]} 8. Nc3 {[%emt 0:02:
43]} Qc7 {[%emt 0:05:18]} 9. h3 {[%emt 0:08:08]} d6 {[%emt 0:02:35]} 10. Be3 {
[%emt 0:01:12]} Nd7 {[%emt 0:01:02]} 11. Ba2 {[%emt 0:04:11]} Nde5 {[%emt 0:05:
49]} 12. Nxe5 {[%emt 0:05:00]} Nxe5 {[%emt 0:00:46]} 13. Qe2 {[%emt 0:04:30]}
Nf3+ {[%emt 0:12:00]} 14. Qxf3 {[%emt 0:02:20]} Bxc3+ {[%emt 0:00:18]} 15. bxc3
{[%emt 0:00:03]} Qxc3+ {[%emt 0:00:21]} 16. Ke2 {[%emt 0:00:02]} b6 {[%emt 0:
06:50]} 17. Qf4 {[%emt 0:07:45]} Ba6+ {[%emt 0:22:17]} 18. Kf3 {[%emt 0:00:45]}
e5 {[%emt 0:08:40]} 19. Qf6 {[%emt 0:03:24]} Qxc2 {[%emt 0:02:07]} 20. Bh6 {
[%emt 0:03:57]} Qd3+ {[%emt 0:00:12]} 21. Kg4 {[%emt 0:00:06]} Bc8+ {[%emt 0:
01:32]} 22. Kh4 {[%emt 0:04:02]} Qxe4+ {[%emt 0:02:21]} 23. Kg3 {[%emt 0:01:05]
} 1-0

[Event "European School Championships"]
[Site "Rhodes, Greece"]
[Date "2022.04.28"]
[Round "8.1"]
[White "Jusufi, Ahmet"]
[Black "Ochedzan, Tymon"]
[Result "0-1"]
[WhiteElo "1679"]
[BlackElo "2261"]
[PlyCount "46"]
[EventDate "2022.04.21"]
[EventRounds "9"]

1. e4 {[%emt 0:00:01]} c5 {[%emt 0:00:06]} 2. Nf3 {[%emt 0:00:04]} d6 {[%emt 0:
00:05]} 3. d4 {[%emt 0:00:04]} cxd4 {[%emt 0:00:06]} 4. Nxd4 {[%emt 0:00:04]}
Nf6 {[%emt 0:00:08]} 5. Nc3 {[%emt 0:00:08]} a6 {[%emt 0:00:09]} 6. Be2 {
[%emt 0:01:01]} e5 {[%emt 0:00:37]} 7. Nb3 {[%emt 0:00:46]} Be7 {[%emt 0:00:13]
} 8. Be3 {[%emt 0:02:37]} Be6 {[%emt 0:00:43]} 9. f3 {[%emt 0:00:45]} O-O {
[%emt 0:02:40]} 10. Qd2 {[%emt 0:01:11]} Nbd7 {[%emt 0:04:03]} 11. O-O-O {
[%emt 0:01:42]} b5 {[%emt 0:05:01]} 12. g4 {[%emt 0:09:00]} Nb6 {[%emt 0:09:26]
} 13. Kb1 {[%emt 0:11:01]} b4 {[%emt 0:05:58]} 14. Bxb6 {[%emt 0:05:53]} Qxb6 {
[%emt 0:00:25]} 15. Nd5 {[%emt 0:00:24]} Bxd5 {[%emt 0:07:51]} 16. exd5 {
[%emt 0:00:26]} a5 {[%emt 0:00:06]} 17. Nc1 {[%emt 0:04:58]} a4 {[%emt 0:07:52]
} 18. b3 {[%emt 0:01:35]} Rfc8 {[%emt 0:06:45]} 19. Bc4 {[%emt 0:05:05]} Qa5 {
[%emt 0:08:00]} 20. h4 {[%emt 0:14:57]} Nd7 {[%emt 0:05:56]} 21. Bd3 {[%emt 0:
16:30]} Rc3 {[%emt 0:01:35]} 22. Ne2 {[%emt 0:04:51]} axb3 {[%emt 0:02:50]} 23.
cxb3 {[%emt 0:00:15]} Rxb3+ {[%emt 0:00:44]} 0-1